Crystal growth and evaluation of silicon for VLSI and ULSI / (Record no. 19039)
[ view plain ]
| 000 -LEADER | |
|---|---|
| fixed length control field | 00949cam a22002778i 4500 |
| 001 - CONTROL NUMBER | |
| control field | 18491789 |
| 005 - DATE AND TIME OF LATEST TRANSACTION | |
| control field | 20150315110746.0 |
| 008 - FIXED-LENGTH DATA ELEMENTS--GENERAL INFORMATION | |
| fixed length control field | 150213s2015 flu b 001 0 eng |
| 010 ## - LIBRARY OF CONGRESS CONTROL NUMBER | |
| LC control number | 2015006228 |
| 020 ## - INTERNATIONAL STANDARD BOOK NUMBER | |
| International Standard Book Number | 9781482232813 (hardback : alk. paper) |
| 020 ## - INTERNATIONAL STANDARD BOOK NUMBER | |
| International Standard Book Number | 1482232812 (hardback : alk. paper) |
| 040 ## - CATALOGING SOURCE | |
| Original cataloging agency | DLC |
| Language of cataloging | eng |
| Transcribing agency | DLC |
| 082 00 - DEWEY DECIMAL CLASSIFICATION NUMBER | |
| Classification number | 621.3950284 |
| Edition number | 22 |
| Item number | ERA |
| 100 1# - MAIN ENTRY--PERSONAL NAME | |
| Personal name | Eranna, G. |
| 245 10 - TITLE STATEMENT | |
| Title | Crystal growth and evaluation of silicon for VLSI and ULSI / |
| Statement of responsibility, etc | Golla Eranna. |
| 260 ## - PUBLICATION, DISTRIBUTION, ETC. (IMPRINT) | |
| Place of publication, distribution, etc | Boca Raton, FL: |
| Name of publisher, distributor, etc | CRC Press, Taylor & Francis, |
| Date of publication, distribution, etc | c.2015 |
| 300 ## - PHYSICAL DESCRIPTION | |
| Extent | xvii,411 p.: |
| Other physical details | ill. ; |
| Dimensions | 24 cm. |
| 504 ## - BIBLIOGRAPHY, ETC. NOTE | |
| Bibliography, etc | Includes bibliographical references and index. |
| 650 #0 - SUBJECT ADDED ENTRY--TOPICAL TERM | |
| Topical term or geographic name as entry element | Integrated circuits |
| General subdivision | Ultra large scale integration |
| -- | Materials. |
| 650 #0 - SUBJECT ADDED ENTRY--TOPICAL TERM | |
| Topical term or geographic name as entry element | Silicon crystals |
| General subdivision | Testing. |
| 650 #0 - SUBJECT ADDED ENTRY--TOPICAL TERM | |
| Topical term or geographic name as entry element | Crystal growth. |
| 650 #0 - SUBJECT ADDED ENTRY--TOPICAL TERM | |
| Topical term or geographic name as entry element | Semiconductor wafers |
| General subdivision | Materials. |
| 653 ## - INDEX TERM--UNCONTROLLED | |
| Resource For college | Engineering, General |
| Arrived date list | March2015 |
| 655 ## - INDEX TERM--GENRE/FORM | |
| Form subdivision | |
| -- | 34232 |
| 942 ## - ADDED ENTRY ELEMENTS (KOHA) | |
| Source of classification or shelving scheme | Dewey Decimal Classification |
| Withdrawn status | Item status | Source of classification or shelving scheme | Damaged status | Not for loan | Vendor | Home library | Current library | Shelving location | Date acquired | Source of acquisition | Cost, normal purchase price | Total Checkouts | Full call number | Barcode | Date last seen | Cost, replacement price | Koha item type |
|---|---|---|---|---|---|---|---|---|---|---|---|---|---|---|---|---|---|
| Dewey Decimal Classification | Baccah | Central Library | Central Library | First floor | 14/03/2015 | 620.00 | 621.3950284 ERA | 000037554 | 15/07/2025 | 775.00 | Book - Borrowing |